Formula 1 drivers #6 - Statistics

General Stats
  • This quiz has been taken 7 times
  • The average score is 8 of 16
Answer Stats
Picture Answer % Correct
Francois Cevert
86%
Gilles Villeneuve
86%
Jacques Laffite
71%
Roland Ratzenberger
71%
Jean-Pierre Jabouille
57%
Jo Siffert
57%
Peter Revson
57%
Jochen Mass
43%
Martin Donnelly
43%
Peter Collins
43%
Roger Williamson
43%
Chris Amon
29%
Manfred Winkelhock
29%
Peter Gethin
29%
Riccardo Patrese
29%
Slim Borgudd
14%
No matching quizzes found
Score Distribution
Percent of People with Each Score
Percentile by Number Answered
Your Score History
You have not taken this quiz